| 000 -LEADER |
| fixed length control field |
02090nam a2200361 i 4500 |
| 001 - CONTROL NUMBER |
| control field |
010847092 |
| 003 - CONTROL NUMBER IDENTIFIER |
| control field |
UkOxU |
| 005 - DATE AND TIME OF LATEST TRANSACTION |
| control field |
20231002111735.0 |
| 008 - FIXED-LENGTH DATA ELEMENTS--GENERAL INFORMATION |
| fixed length control field |
500101r20031991enka b 001 0beng d |
| 010 ## - LIBRARY OF CONGRESS CONTROL NUMBER |
| LC control number |
LC 91-37763 |
| 020 ## - INTERNATIONAL STANDARD BOOK NUMBER |
| International Standard Book Number |
0349104522 |
| 020 ## - INTERNATIONAL STANDARD BOOK NUMBER |
| International Standard Book Number |
9780349104522 |
| 035 ## - SYSTEM CONTROL NUMBER |
| System control number |
CURL 980091037763(Lc ) from jgc00483 |
| 040 ## - CATALOGING SOURCE |
| Original cataloging agency |
UkOxU |
| Language of cataloging |
eng |
| Description conventions |
rda |
| Transcribing agency |
UkOxU |
| Modifying agency |
KH8 |
| 082 ## - DEWEY DECIMAL CLASSIFICATION NUMBER |
| Classification number |
510.92 ROB |
| 092 ## - LOCALLY ASSIGNED DEWEY CALL NUMBER (OCLC) |
| Classification number |
D0501227706 |
| 100 1# - MAIN ENTRY--PERSONAL NAME |
| Personal name |
Kanigel, Robert, |
| Relator term |
author. |
| 245 14 - TITLE STATEMENT |
| Title |
The man who knew infinity : |
| Remainder of title |
a life of the genius Ramanujan / |
| Statement of responsibility, etc. |
Robert Kanigel. |
| 264 #1 - PRODUCTION, PUBLICATION, DISTRIBUTION, MANUFACTURE, AND COPYRIGHT NOTICE |
| Place of production, publication, distribution, manufacture |
London : |
| Name of producer, publisher, distributor, manufacturer |
Abacus, |
| Date of production, publication, distribution, manufacture, or copyright notice |
2003. |
| 264 #4 - PRODUCTION, PUBLICATION, DISTRIBUTION, MANUFACTURE, AND COPYRIGHT NOTICE |
| Date of production, publication, distribution, manufacture, or copyright notice |
©1991 |
| 300 ## - PHYSICAL DESCRIPTION |
| Extent |
ix, 438 pages, [8] pages of plates : |
| Other physical details |
illustrations (black and white) ; |
| Dimensions |
20 cm |
| 336 ## - CONTENT TYPE |
| Content type term |
text |
| Source |
rdacontent |
| 337 ## - MEDIA TYPE |
| Media type term |
unmediated |
| Source |
rdamedia |
| 338 ## - CARRIER TYPE |
| Carrier type term |
volume |
| Source |
rdacarrier |
| 500 ## - GENERAL NOTE |
| General note |
Originally published: New York : Charles Scribner's Sons, 1991. |
| 504 ## - BIBLIOGRAPHY, ETC. NOTE |
| Bibliography, etc. note |
Includes bibliographical references (pages 417-423) and index. |
| 520 ## - SUMMARY, ETC. |
| Summary, etc. |
In 1913, a young unschooled Indian clerk wrote a letter to G H Hardy, begging the pre-eminent English mathematician's opinion on several ideas he had about numbers. Realising the letter was the work of a genius, Hardy arranged for Srinivasa Ramanujan to come to England. Thus began one of the most improbable and productive collaborations ever chronicled. With a passion for rich and evocative detail, Robert Kanigel takes us from the temples and slums of Madras to the courts and chapels of Cambridge University, where the devout Hindu Ramanujan, 'the Prince of Intuition,' tested his brilliant theories alongside the sophisticated and eccentric Hardy, 'the Apostle of Proof'. In time, Ramanujan's creative intensity took its he died at the age of thirty-two and left behind a magical and inspired legacy that is still being plumbed for its secrets today. |
| 600 10 - SUBJECT ADDED ENTRY--PERSONAL NAME |
| Personal name |
Hardy, G. H. |
| Fuller form of name |
(Godfrey Harold), |
| Dates associated with a name |
1877-1947. |
| 600 10 - SUBJECT ADDED ENTRY--PERSONAL NAME |
| Personal name |
Ramanujan Aiyangar, Srinivasa, |
| Dates associated with a name |
1887-1920. |
| 650 #0 - SUBJECT ADDED ENTRY--TOPICAL TERM |
| Topical term or geographic name entry element |
Mathematicians |
| Geographic subdivision |
England |
| Form subdivision |
Biography. |
| 650 #0 - SUBJECT ADDED ENTRY--TOPICAL TERM |
| Topical term or geographic name entry element |
Mathematicians |
| Geographic subdivision |
India |
| Form subdivision |
Biography. |
| 942 ## - ADDED ENTRY ELEMENTS (KOHA) |
| Source of classification or shelving scheme |
|
| Koha item type |
Teaching Resources |